000 00643nam a2200241 i 4500
001 C2-0027026
003 PPAK
005 20190630222004.0
008 970204s1992 my |||| ||||| | may d
020 _a9679331520
040 _aPPAK
_beng
_cPPAK
_erda
082 0 4 _a899.232
_223
090 0 0 _a899.232
_bKER
_dG
090 0 0 _a899.232
_bKER
_dKSS
245 0 0 _aKeris Laksamana Bentan
264 1 _aPetaling Jaya, Selangor :
_bFajar Bakti ,
_c1992
300 _axi, 144 pages ;
_c22 cm
336 _2rdacontent
_atext
337 _2rdamedia
_aunmediated
338 _2rdacarrier
_avolume
700 0 _aMana Sikana,
_ecompile
942 _ddc
_cB
999 _c4821
_d4821